| 000 | 01209nam a22002057a 4500 | ||
|---|---|---|---|
| 008 | 231110e20231110xxk|||||o|||| 00| 0 eng d | ||
| 041 | _aeng | ||
| 110 | _aRoyal Institution of Chartered Surveyors | ||
| 245 |
_aUK Residential Market Survey _bOctober 2023 _h[Electronic resource] |
||
| 260 |
_aLondon, _bRoyal Institution of Chartered Surveyors, _cNovember 2023 |
||
| 300 | _a19p | ||
| 490 | _aRICS UK Residential Market Survey | ||
| 520 | _aThe October 2023 RICS UK Residential Survey results once again point to a subdued picture for home buyer activity as the market continues to adjust to the tighter lending climate. That said, although many aspects of the latest feedback remain downbeat, the current readings across most indicators are at least somewhat less negative than those returned in the previous iteration of the survey | ||
| 650 | _aHOUSING MARKET | ||
| 650 | _aRESIDENTIAL PROPERTY | ||
| 651 | _aUnited Kingdom | ||
| 710 | _aRoyal Institution of Chartered Surveyors | ||
| 856 |
_uhttps://www.rics.org/content/dam/ricsglobal/documents/market-surveys/uk-residential-market-survey/10._WEB_October_2023_RICS_UK_Residential_Market_Survey_tp.pdf _zAvailable free on RICS.org |
||
| 942 | _n0 | ||
| 999 |
_c121709 _d121709 |
||